书目信息 |
| 题名: |
空间数据挖掘理论与应用
|
|
| 作者: | 李德仁 , 王树良 , 李德毅 著 | |
| 分册: | ||
| 出版信息: | 北京 科学出版社 2019.10 |
|
| 页数: | 352页 | |
| 开本: | 27cm | |
| 丛书名: | 地球观测与导航技术丛书 | |
| 单 册: | ||
| 中图分类: | P208-39 , P208 | |
| 科图分类: | ||
| 主题词: | 数据收集--shu ju shou ji--计算机应用--地理信息系统 | |
| 电子资源: | ||
| ISBN: | 978-7-03-059999-5 | |
| 000 | 01578nam 2200337 450 | |
| 001 | 2236983984 | |
| 005 | 20220915101718.83 | |
| 010 | @a978-7-03-059999-5@b精装@dCNY99.00 | |
| 100 | @a20191108d2019 em y0chiy50 ea | |
| 101 | 0 | @achi |
| 102 | @aCN@b110000 | |
| 105 | @aa a 000yy | |
| 200 | 1 | @a空间数据挖掘理论与应用@Akong jian shu ju wa jue li lun yu ying yong@f李德仁, 王树良, 李德毅著 |
| 205 | @a第3版 | |
| 210 | @a北京@c科学出版社@d2019.10 | |
| 215 | @a352页@c图@d27cm | |
| 225 | 2 | @a地球观测与导航技术丛书@Adi qiu guan ce yu dao hang ji shu cong shu |
| 300 | @a“十三五”国家重点出版物出版规划项目 | |
| 306 | @a国家科学技术学术著作出版基金资助出版 | |
| 314 | @a李德仁, 摄影测量与遥感专家, 武汉大学教授。王树良, 北京理工大学教授、博士生导师。李德毅, 现任中国智慧与控制学会名誉理事长, 中国人工智能学会理事长。 | |
| 320 | @a有书目 (第342-351页) | |
| 330 | @a本书提出数据场、云模型、挖掘视角和李德仁法等新方法, 用空间数据挖掘金字塔揭示挖掘机理, 构建从空间数据中发现知识的形式化方法体系, 自主研制了空间数据挖掘原型系统SDMsystem在一带一路、灾害监测、空间资源配置、防灾减灾等重大需求中, 实施GIS数据挖掘、图像数据挖掘, 尤其是视频时空数据挖掘、夜光遥感数据挖掘, 取得应用实效, 实现了从空间大数据向空间大价值的实质转换。 | |
| 410 | 0 | @12001 @a地球观测与导航技术丛书 |
| 606 | 0 | @a数据收集@Ashu ju shou ji@x计算机应用@x地理信息系统 |
| 690 | @aP208-39@v5 | |
| 690 | @aP208@v4 | |
| 701 | 0 | @a李德仁@Ali de ren@4著 |
| 701 | 0 | @a王树良@Awang shu liang@4著 |
| 701 | 0 | @a李德毅@Ali de yi@4著 |
| 801 | 0 | @aCN@b人天书店@c20191108 |
| 905 | @aZUCC@dP208@e2-3 | |
| 空间数据挖掘理论与应用/李德仁, 王树良, 李德毅著.-第3版.-北京:科学出版社,2019.10 |
| 352页:图;27cm.-(地球观测与导航技术丛书) |
| “十三五”国家重点出版物出版规划项目 |
| ISBN 978-7-03-059999-5(精装):CNY99.00 |
| 本书提出数据场、云模型、挖掘视角和李德仁法等新方法, 用空间数据挖掘金字塔揭示挖掘机理, 构建从空间数据中发现知识的形式化方法体系, 自主研制了空间数据挖掘原型系统SDMsystem在一带一路、灾害监测、空间资源配置、防灾减灾等重大需求中, 实施GIS数据挖掘、图像数据挖掘, 尤其是视频时空数据挖掘、夜光遥感数据挖掘, 取得应用实效, 实现了从空间大数据向空间大价值的实质转换。 |
| ● |
| 相关链接 |
|
|
|
正题名:空间数据挖掘理论与应用
索取号:P208/2-3
 
预约/预借
| 序号 | 登录号 | 条形码 | 馆藏地/架位号 | 状态 | 备注 |
| 1 | 2000893766 | 2000893766 | 第三书库/ [索取号:P208/2-3] | 在馆 | |
| 2 | 2000893767 | 2000893767 | 第三书库/ [索取号:P208/2-3] | 在馆 | |
| 3 | 2000893768 | 2000893768 | 第三书库/ [索取号:P208/2-3] | 在馆 |